Las TIC en Honduras: un análisis sociotécnico /
La autora explora el papel de las Tecnologías de la Información y la Comunicación (TIC) en Honduras desde una perspectiva sociotécnica. La autora argumenta que la adopción y uso de las TIC en el país ha sido limitada y desigual, y que se necesita una política pública integral para garantizar el acce...
Saved in:
| Main Author: | |
|---|---|
| Format: | Book |
| Language: | Spanish |
| Subjects: | |
| Tags: |
Add Tag
No Tags, Be the first to tag this record!
|
MARC
| LEADER | 00000nam a22000007a 4500 | ||
|---|---|---|---|
| 003 | cru IIS | ||
| 005 | 20230822144654.0 | ||
| 007 | ta | ||
| 008 | 220804t2018 cr |||p|r|||| 00| 0 spa d | ||
| 040 | |c cru IIS | ||
| 100 | 1 | |a Espinoza-Vasquez, Fátima K. |e Autora |9 10663 | |
| 245 | 1 | 4 | |a Las TIC en Honduras: |b un análisis sociotécnico / |c Fátima Espinoza-Vasquez |
| 300 | |a páginas 65-99: |b tabla, gráfico | ||
| 500 | |a Colección Centroamérica | ||
| 520 | |a La autora explora el papel de las Tecnologías de la Información y la Comunicación (TIC) en Honduras desde una perspectiva sociotécnica. La autora argumenta que la adopción y uso de las TIC en el país ha sido limitada y desigual, y que se necesita una política pública integral para garantizar el acceso y uso efectivo de estas tecnologías para todos los ciudadanos. RAR 18/01/2023 | ||
| 650 | 0 | |2 OCDE |9 1714 |a TECNOLOGIA DE LA INFORMACION | |
| 650 | 0 | |2 OCDE |9 3784 |a POLITICAS PUBLICAS | |
| 650 | 0 | |2 OCDE |9 77 |a DESIGUALDAD SOCIAL | |
| 650 | 0 | |2 UNESCO |9 1726 |a POLITICA DE CIENCIA Y TECNOLOGIA | |
| 650 | 0 | |2 OCDE |9 414 |a CIUDADANIA | |
| 651 | 4 | |2 OCDE |9 2652 |a HONDURAS | |
| 773 | 0 | |0 18765 |9 7627 |a Universidad de Costa Rica. |d San José, Costa Rica: Editorial Universidad de Costa Rica, 1974- |o 23636 |t Anuario de Estudios Centroamericanos / |x 03777316 | |
| 942 | |2 ddc |c PP | ||
| 999 | |c 44470 |d 44470 | ||
| 773 | 0 | |0 18765 |9 7629 |a Universidad de Costa Rica. |d San José, Costa Rica: Editorial Universidad de Costa Rica, 1974- |o 23638 |t Anuario de Estudios Centroamericanos / |x 03777316 | |
